000 01759nam a2200409 c 4500
001 58561
003 CO-BoRNBP
005 20250826211847.0
007 ta
008 200114s2015 sp gr 000 0 spa d
020 _a9788449328305
020 _a9789584260956
040 _aCO-BoRNBP
_bspa
_erda
_cCO-BoRNBP
041 0 _aspa
082 0 4 _a303.385
_bN87n
100 _aNussbaum, Martha Craven,
_d1947-
_eaut
_963508
245 1 3 _aLa nueva intolerancia religiosa :
_bcómo superar la política del miedo en una época de inseguridad /
_cMartha C. Nussbaum ; traducción de Albino Santos Mosquera.
250 _aPrimera edición
264 1 _aBarcelona, España :
_bPaidós,
_c2013
300 _a335 páginas
336 _2rdacontent
_atexto
_btxt
337 _2rdamedia
_asin mediación
_bn
338 _2rdacarrier
_avolumen
_bnc
490 0 _aPaidós estado y sociedad
500 _aIncluye datos biográficos de la autora en la solapa
500 _aIncluye índice analítico y de nombres
505 _aLa religión: tiempos de ansiedad y suspicacia -- El miedo: una emoción narcicista -- Los principios fundamentales: la igualdad de respeto en materia de conciencia -- La paja en el ojo ajeno: la imparcialidad y la vida examinada La <<mirada mental>>: el respeto y la imaginación empática -- El caso de Park 51 Cómo superar la política del miedo
521 _aRecomendado para público adulto
534 _tThe new religious intolerance
650 0 7 _aLibertad religiosa
_2lemb
_963509
650 0 7 _aPrejuicios
_2lemb
_963510
650 0 7 _aSegregación
_2lemb
_963511
650 0 7 _aTolerancia
_2lemb
_963512
650 0 7 _aTolerancia
_xAspectos religiosos
_2lemb
_963513
700 _aSantos Mosquera, Albino
_963514
942 _2ddc
_cBK
999 _c58561
_d58561